Ilmu dan budaya : memajukan ilmu dan mengembangkan kebudayaan.
| Published: |
Jakarta:
Universitas Nasional,
2005-.
|
|---|---|
| Subjects: |
| LEADER | 00534cam a2200157 7i4500 | ||
|---|---|---|---|
| 001 | 0000045992 | ||
| 005 | 20151027090000.0 | ||
| 022 | |a 0126-2602 | ||
| 090 | 0 | 0 | |a AS522.U524 |b I46 |
| 245 | 0 | 0 | |a Ilmu dan budaya : |b memajukan ilmu dan mengembangkan kebudayaan. |
| 260 | |a Jakarta: |b Universitas Nasional, |c 2005-. | ||
| 300 | |a v.: |b ill.; |c 24 cm. | ||
| 310 | |a Monthly | ||
| 500 | |a Library has: Year XXV Oct 2005-Year XXVI Feb 2006; Stop subscription | ||
| 650 | 0 | 0 | |a Indonesian periodicals |
| 999 | |a SER0000736 |b SERIALS |c SERIALS |e Serial Room, Bestrai Jaya | ||